| 000 | 00433 a2200169 4500 | ||
|---|---|---|---|
| 003 | OSt | ||
| 005 | 20180116182915.0 | ||
| 008 | 160520b xxu||||| |||| 00| 0 eng d | ||
| 020 | _a0 | ||
| 040 | _c0 | ||
| 082 | _a297.1975 BAK 1998 | ||
| 100 | _aOsman Bakar | ||
| 245 |
_aTawhid adn Scifence _cOsman Bakar |
||
| 260 |
_aLahore _bSuhail Academy Lahore Pakistan _c1998 |
||
| 300 |
_a266 p. _bHB |
||
| 942 |
_aNBS _cBK _k297.1975 BAK _2ddc |
||
| 999 |
_c348320 _d348320 |
||